00444 2200181 4500001002100000005001500021035002000036008004100056245004100097100002200138250000600160260003600166300001200202084001400214082000800228650001400236990001200250INLIS00000000000005020240502103027 a0010-0424000026240502 0 ind 1 aPedoman Umum EYD /cJunita Rahmawati aRahmawati, Junita a1 aTangerang :bKarisma Publishing a128 hlm a410 JUN p a410 4aNon Fiksi a0737331